Pagpapakatao para sa mas mabuting mundo (Record no. 5205)

MARC details
000 -LEADER
fixed length control field 00667nam a22001937a 4500
003 - CONTROL NUMBER IDENTIFIER
control field OSt
005 - DATE AND TIME OF LATEST TRANSACTION
control field 20251028025615.0
008 - FIXED-LENGTH DATA ELEMENTS--GENERAL INFORMATION
fixed length control field 251028b |||||||| |||| 00| 0 eng d
020 ## - INTERNATIONAL STANDARD BOOK NUMBER
International Standard Book Number 978-971-06-6132-9
040 ## - CATALOGING SOURCE
Original cataloging agency DWCL - Main Lib
Transcribing agency OC
082 ## - DEWEY DECIMAL CLASSIFICATION NUMBER
Edition number 1st
Classification number Res. 70 L834p 2024
100 ## - MAIN ENTRY--PERSONAL NAME
Personal name Loiz, Vincent Galileo L.
245 ## - TITLE STATEMENT
Title Pagpapakatao para sa mas mabuting mundo
Statement of responsibility, etc. Vincent Galileo L. Loiz
260 ## - PUBLICATION, DISTRIBUTION, ETC.
Place of publication, distribution, etc. Quezon Avenue, Quezon City :
Name of publisher, distributor, etc. Phoenix Publishing House, Inc.
Date of publication, distribution, etc. c2024
300 ## - PHYSICAL DESCRIPTION
Extent xii , 331 pages :
Other physical details illustrations ;
Dimensions 25 cm.
650 ## - SUBJECT ADDED ENTRY--TOPICAL TERM
Topical term or geographic name entry element 1. Values Education
650 ## - SUBJECT ADDED ENTRY--TOPICAL TERM
Topical term or geographic name entry element 2. Values Education - Study and Teaching
942 ## - ADDED ENTRY ELEMENTS (KOHA)
Source of classification or shelving scheme Dewey Decimal Classification
Koha item type Book- Reserved
Edition 1st
Call number suffix Res.
Suppress in OPAC No
952 ## - LOCATION AND ITEM INFORMATION (KOHA)
--
952 ## - LOCATION AND ITEM INFORMATION (KOHA)
--
Holdings
Withdrawn status Lost status Source of classification or shelving scheme Damaged status Not for loan Home library Current library Shelving location Date acquired Source of acquisition Total Checkouts Full call number Barcode Date last seen Copy number Price effective from Koha item type Uniform Resource Identifier
    Dewey Decimal Classification     Junior High School Library Junior High School Library Reserved 09/11/2024 Library Fund   Res. 170 L834p 2024 JHS - 21393 10/28/2025 c2 10/28/2025 BK-0 CIRC
    Dewey Decimal Classification     Junior High School Library Junior High School Library Reserved 09/11/2024 Library Fund   Res. 170 L834p 2024 JHS - 21392 10/28/2025 c1 10/28/2025 BK-0 CIRC